000 00368nam a22001577a 4500
003 NUST
020 _a9787530220184
038 _aMuhammad Ibrahim
082 _a915.1
_bKEN 2019
100 _a Ken, Ning
_988741
245 _aZhongguancun Notes
_cNing Ken
260 _aBeijing
_bBeijing Publishing Group
_c2019
300 _a585p
563 _aPB
942 _2ddc
_cBK
999 _c587758
_d587758